| Tag |
First Indicator |
Second Indicator |
Subfields |
| LEADER |
00000cam a2200000Ia 4500 |
| 001 |
in00000530021 |
| 005 |
20230927133348.0 |
| 008 |
821203s1982 coud 000 0 eng d |
| 019 |
|
|
|a 9675457
|
| 029 |
1 |
|
|a AU@
|b 000004459488
|
| 035 |
|
|
|a (OCoLC)ocm09014401
|
| 035 |
|
|
|a (OCoLC)9014401
|z (OCoLC)9675457
|
| 035 |
|
|
|a (OCoLC)ocm09014401
|
| 040 |
|
|
|a HNC
|b eng
|c HNC
|d SLU
|d OCL
|d OCLCQ
|d OCLCF
|d OCLCO
|d OCLCQ
|d OCLCO
|
| 043 |
|
|
|a n-us---
|
| 050 |
|
4 |
|a KF3946.Z9
|b H39 1982
|
| 060 |
|
4 |
|a KF3816 .R4 H428 1982
|
| 082 |
0 |
4 |
|a 344.73
|
| 245 |
0 |
0 |
|a Hazardous waste management :
|b a survey of state legislation 1982 /
|c by the National Conference of State Legislatures' Solid and Hazardous Waste Project.
|
| 260 |
|
|
|a Denver, Colo. :
|b National Conference of State Legislatures,
|c ©1982.
|
| 300 |
|
|
|a 1 volume (various pagings) :
|b charts ;
|c 28 cm
|
| 336 |
|
|
|a text
|b txt
|2 rdacontent
|
| 337 |
|
|
|a unmediated
|b n
|2 rdamedia
|
| 338 |
|
|
|a volume
|b nc
|2 rdacarrier
|
| 650 |
|
0 |
|a Hazardous wastes
|x Law and legislation
|z United States
|x States.
|
| 650 |
|
2 |
|a Refuse Disposal
|x legislation & jurisprudence
|
| 650 |
|
2 |
|a Environmental Pollution
|x legislation & jurisprudence
|
| 650 |
|
7 |
|a Hazardous wastes
|x Law and legislation
|x U.S. states.
|2 fast
|0 (OCoLC)fst00952496
|
| 651 |
|
7 |
|a United States.
|2 fast
|0 (OCoLC)fst01204155
|
| 710 |
2 |
|
|a National Conference of State Legislatures.
|
| 948 |
|
|
|h HELD BY TXA - 47 OTHER HOLDINGS
|
| 994 |
|
|
|a Z0
|b TXA
|
| 999 |
f |
f |
|s ac03a0ee-fb6d-358a-a94d-3a264bcc670b
|i 5dcbc154-3ab5-38ce-a3d4-5ebbab6ec7a2
|t 0
|
| 952 |
f |
f |
|p ric
|a Texas A&M University
|b Rellis Campus
|c Joint Library Facility
|s JLF
|d Remote Storage
|t 0
|e KF3816.R4 H36 1982
|h Library of Congress classification
|i unmediated -- volume
|m A14808228772
|